000 00411nam a2200169Ia 4500
008 170705s9999 xx 000 0 und d
020 _a9781416978084
245 4 _aThe magician of hoad /
245 _cMargaret Mahy.
260 _aNew York :
260 _bMargaret K. McElderly Books,
260 _c2009
300 _a411 pages :
300 _bcolor illustration ;
300 _c21cm.
500 _a1010
999 _c336705
_d336705